Zahraničnopolitické a vnútropolitické faktory súčasnej patovej situácie Afganistanu

Termín odchodu koaličných síl západných krajín z Afganistanu vyvoláva isté napäté očakávanie, ktoré je spojené s hodnotením vývoja posledných 12 rokov v krajine. Pokúsiť sa predpovedať budúci vývoj v tejto ťažko skúšanej krajine znamená definovať citlivé faktory, ktoré zohrávajú dôležitú úlohu v jej...

Description complète

Enregistré dans:
Détails bibliographiques
Auteur principal: Čech, Ľubomír, 1955-
Format: Chapitre de livre
Langue:slovaque
Sujets:
Tags: Ajouter un tag
Pas de tags, Soyez le premier à ajouter un tag!

MARC

LEADER 00000nla a2200000 4500
001 0182366
005 20240502073124.6
041 0 |a slo 
044 |a SK 
245 1 0 |a Zahraničnopolitické a vnútropolitické faktory súčasnej patovej situácie Afganistanu  |c Vladimír Čech 
520 |a Termín odchodu koaličných síl západných krajín z Afganistanu vyvoláva isté napäté očakávanie, ktoré je spojené s hodnotením vývoja posledných 12 rokov v krajine. Pokúsiť sa predpovedať budúci vývoj v tejto ťažko skúšanej krajine znamená definovať citlivé faktory, ktoré zohrávajú dôležitú úlohu v jej fungovaní. Okruh šiestich tém, ktoré spôsobujú ťažkosti pri fungovaní Afganistanu dnes a je potrebné ich riešiť. 
610 2 0 |a Afganistan 
610 2 0 |a USA 
610 2 0 |a konflikty medzinárodné 
610 2 0 |a konflikty etnické 
610 2 0 |a politika medzinárodná 
100 1 |a Čech, Ľubomír, 1955-